00459nam a22001697a 450000500170000000800410001702000180005802200150007604100120009108200120010310000120011524500570012725000180018426000330020230000290023565000250026420240924075643.0240924b |||||||| |||| 00| 0 eng d a9781776176243 a0409004480 aEnglish a349 JOU lEnglish aThe Law of South Africa / cWA Joubert and JA Faris  aThird Edition aDurban: bLexisNexis, c2022 bix, 368 pages; c26 cm.  aLegal practice bLaw